Citrus fruit.

Bibliographic Details
Corporate Author: Organisation for Economic Co-operation and Development
Format: Book
Language:English
Published: Paris ; Washington, D.C. : Organisation For Economic Co-operation and Development, 1971.
Series:International standardisation of fruit and vegetables.
Subjects:

MARC

Tag First Indicator Second Indicator Subfields
LEADER 00000cam a2200000 a 4500
001 in00000086983
005 20151008064649.0
008 720630s1971 fr a 00010 engm
010 |a  72179060  
015 |a F*** 
020 |c $5.25 (U.S.) 
035 |a (OCoLC)00388985 
035 |9 AAK4586AM 
040 |a DLC  |c DLC  |d TXA  |d UtOrBLW 
049 |a TXAM  |c [487265] 
050 0 0 |a SB369  |b .O69 
082 0 |a 634/.3 
110 2 |a Organisation for Economic Co-operation and Development. 
245 1 0 |a Citrus fruit. 
264 1 |a Paris ;  |a Washington, D.C. :  |b Organisation For Economic Co-operation and Development,  |c 1971. 
300 |a pages viii, 573-651 :  |b illustrations (some color) ;  |c 24 cm. 
336 |a text  |b txt  |2 rdacontent 
337 |a unmediated  |b n  |2 rdamedia 
338 |a volume  |b nc  |2 rdacarrier 
490 1 |a International standardisation of fruit and vegetables 
650 0 |a Citrus fruits  |x Standards. 
830 0 |a International standardisation of fruit and vegetables. 
999 |a MARS 
999 f f |s 60c4b4d3-52f1-33d1-a33b-33b8aa30e804  |i d361e400-4977-353b-aa92-7fabb80c5147  |t 0 
952 f f |p ric  |a Texas A&M University  |b Rellis Campus  |c Joint Library Facility  |d Remote Storage  |t 0  |e SB369 .O69  |h Library of Congress classification  |i unmediated -- volume  |m A14806235846 
998 f f |a SB369 .O69  |t 0  |l Remote Storage